[Event "AUTO-OPEN-4621"]
[Site "http://www.queenalice.com/game.php?id=1864807"]
[Date "2025.10.28"]
[Round "1"]
[White "bdpq"]
[Black "rmvwoods"]
[Result "0-1"]
[WhiteElo "1623"]
[BlackElo "2073"]

1. e4 d6 2. d4 Nf6 3. Bd3 c6 4. e5 dxe5 5. dxe5 Qa5+ 6. Nc3 Qxe5+ 7. Nge2 Bg4 8.
f3 Bf5 9. Bf4 Qa5 10. O-O Bxd3 11. cxd3 e5 12. Bg3 Nbd7 13. d4 Bd6 14. dxe5 Bxe5
15. Bh4 O-O-O 16. f4 Bc7 17. a3 Qh5 18. Bg3 Ng4 19. Qd3 Ndf6 20. Nd4 Bb6 21. Na4
Bxd4+ 22. Kh1 Bxb2 23. Qxd8+ Rxd8 24. Nxb2 Ne4 25. h3 Nxg3+ 26. Kg1 Nxf1 27.
Kxf1 Qb5+ 28. Ke1 Qxb2 29. Rd1 Qf2# 0-1

[Event "AUTO-OPEN-4621"]
[Site "http://www.queenalice.com/game.php?id=1864808"]
[Date "2025.10.28"]
[Round "1"]
[White "rmvwoods"]
[Black "bdpq"]
[Result "1-0"]
[WhiteElo "2061"]
[BlackElo "1625"]

1. e4 d5 2. exd5 Qxd5 3. Nc3 Qd8 4. Nf3 e6 5. Bb5+ Bd7 6. O-O Bb4 7. a3 Bxc3 8.
Bxd7+ Nxd7 9. bxc3 Qe7 10. d4 O-O-O 11. Bf4 Ngf6 12. c4 Ne4 13. Re1 Nc3 14. Qd2
Na4 15. Qa5 Nab6 16. Qxa7 Nf6 17. c5 Kd7 18. Qxb7 Ke8 19. cxb6 c6 20. Qxc6+ Nd7
21. b7 f6 22. b8=Q Kf7 23. Qbd6 Qxd6 24. Qxd6 Rhe8 25. Qb4 e5 26. dxe5 fxe5 27.
Nxe5+ Nxe5 28. Bxe5 Kg8 29. Qb3+ Kh8 30. Qb5 Rf8 31. h3 Rd2 32. Bc3 Rdd8 33. Qb7
Rg8 34. Re7 Rb8 35. Bxg7+ 1-0

[Event "AUTO-OPEN-4621"]
[Site "http://www.queenalice.com/game.php?id=1864809"]
[Date "2025.10.28"]
[Round "1"]
[White "bdpq"]
[Black "pomar"]
[Result "0-1"]
[WhiteElo "1657"]
[BlackElo "1905"]

1. e4 e6 2. d3 d5 3. e5 c5 4. d4 Qb6 5. dxc5 Bxc5 6. Nh3 Nc6 7. Nc3 Nxe5 8. Bf4
Ng6 9. Bg5 f6 10. Be3 Bxe3 11. fxe3 Qxb2 12. Ne2 N8e7 13. Ng3 Bd7 14. a4 Qc3+
15. Kf2 Bc6 16. Ne2 Qe5 17. g3 d4 18. Nxd4 Bxh1 19. Bb5+ Bc6 20. Bd3 Be4 21.
Bb5+ Nc6 22. c4 O-O 23. Qg4 Nxd4 24. exd4 Qxd4+ 25. Ke2 Bd3+ 26. Ke1 Qxg4 27.
Ra2 Qxh3 28. Rf2 Qg4 29. Kd2 Bxc4 30. Rf4 Qe2+ 0-1

[Event "AUTO-OPEN-4621"]
[Site "http://www.queenalice.com/game.php?id=1864810"]
[Date "2025.10.28"]
[Round "1"]
[White "pomar"]
[Black "bdpq"]
[Result "1-0"]
[WhiteElo "1898"]
[BlackElo "1664"]

1. f3 d5 2. Kf2 e6 3. e3 Bd6 4. g3 Nf6 5. Bh3 O-O 6. d4 Nc6 7. Nc3 Bb4 8. Bd2 e5
9. dxe5 Nxe5 10. Bxc8 Qxc8 11. a3 Bc5 12. b4 Bd6 13. Kg2 g6 14. Nh3 c5 15. Na4
cxb4 16. axb4 b5 17. Nb2 Nc4 18. Nxc4 dxc4 19. Bc3 Be7 20. Qd4 Qc6 21. Qh4 Rfe8
22. Ng5 h5 23. e4 Nd7 24. Qf4 a5 25. Qxf7# 1-0

[Event "AUTO-INT-3949"]
[Site "http://www.queenalice.com/game.php?id=1864881"]
[Date "2025.10.29"]
[Round "1"]
[White "bdpq"]
[Black "Anusha"]
[Result "0-1"]
[WhiteElo "1633"]
[BlackElo "1852"]

1. e4 c5 2. d4 cxd4 3. Qxd4 Nc6 4. Qd2 Nf6 5. b3 a6 6. Nc3 e6 7. Na4 Nxe4 8. Qe3
Nf6 9. Bd2 Be7 10. Nf3 O-O 11. Bd3 d5 12. Ng5 Bd7 13. O-O-O h6 14. Nh3 d4 15.
Qe1 Rc8 16. f3 b5 17. Nb2 Qc7 18. Be4 Nxe4 19. fxe4 Ne5 20. Bf4 Qxc2# 0-1

[Event "AUTO-ADV-4901"]
[Site "http://www.queenalice.com/game.php?id=1864897"]
[Date "2025.10.29"]
[Round "1"]
[White "Castling"]
[Black "bdpq"]
[Result "0-1"]
[WhiteElo "1780"]
[BlackElo "1608"]

1. e4 d5 2. e5 e6 3. d4 Nc6 4. Nf3 g6 5. Bb5 Bd7 6. a3 a6 7. Bd3 Bg7 8. Bg5 Qc8
9. Nc3 Bh6 10. h3 Bxg5 11. Nxg5 Nxd4 12. Qd2 Ne7 13. O-O Bc6 14. Ne2 Nxe2+ 15.
Qxe2 O-O 16. Rad1 b5 17. Nf3 Bd7 18. Nd4 c5 19. Nf3 c4 20. b4 cxb3 21. cxb3 Nc6
22. Rc1 Qb7 23. Rc5 Be8 24. Rfc1 b4 25. a4 Bd7 26. Ng5 Rac8 27. Bxa6 Qc7 28.
Bxc8 Qxc8 29. Qa6 Qxa6 30. Rd1 Nxe5 31. Rd4 Qb6 32. Rh4 h5 0-1

[Event "AUTO-ADV-4901"]
[Site "http://www.queenalice.com/game.php?id=1864916"]
[Date "2025.10.29"]
[Round "1"]
[White "game"]
[Black "bdpq"]
[Result "0-1"]
[WhiteElo "1523"]
[BlackElo "1606"]

1. e4 d5 2. Nc3 dxe4 3. Nxe4 Bf5 4. d3 Bxe4 5. dxe4 Qxd1+ 6. Kxd1 Nd7 7. Bb5
O-O-O 8. Bg5 f6 9. Bh4 Nc5+ 10. Bd3 Nxd3 11. cxd3 Rxd3+ 12. Kc2 Rd6 13. Nf3 e5
14. g4 Rc6+ 15. Kd2 Nh6 16. g5 fxg5 17. Nxg5 b6 18. Bg3 Bd6 19. Rac1 Rxc1 20.
Rxc1 Be7 21. Bh4 c5 22. a4 Ng4 23. b4 Re8 24. h3 Bxg5+ 25. Bxg5 Nxf2 26. Kc2
Nxe4 27. Be3 c4 28. Kb1 Kb7 29. Rxc4 Nd6 30. Rh4 h6 31. Rg4 g5 32. b5 Rf8 33.
Rg1 Nc4 34. Re1 Nxe3 35. Rxe3 e4 36. Rxe4 Rf4 37. Re7+ Kb8 38. a5 Rb4+ 39. Kc2
bxa5 40. Rh7 Rh4 41. Rh8+ Kb7 42. Rh7+ Kb6 43. Kd3 Rxh3+ 44. Kd4 Kxb5 45. Rb7+
Ka4 46. Rxa7 g4 47. Ke4 g3 48. Kf3 Kb5 49. Rb7+ Ka6 50. Rg7 Kb5 51. Kg2 Rh5 52.
Kxg3 Rg5+ 53. Rxg5+ hxg5 54. Kg4 a4 55. Kxg5 a3 56. Kg4 a2 57. Kg5 a1=Q 58. Kg4
Qf6 59. Kg3 Kc4 60. Kg4 Kd4 61. Kh5 Qf4 62. Kg6 Ke5 63. Kh5 Ke6 64. Kg6 Qg4+ 65.
Kh6 Kf7 66. Kh7 Qh4# 0-1

[Event "AUTO-OPEN-4625"]
[Site "http://www.queenalice.com/game.php?id=1865891"]
[Date "2025.11.20"]
[Round "1"]
[White "TammieM3ENF"]
[Black "bdpq"]
[Result "0-1"]
[WhiteElo "1507"]
[BlackElo "1622"]

1. d4 d5 2. e3 e6 3. c3 Nc6 4. f3 Qf6 5. e4 dxe4 6. fxe4 Bd7 7. b3 O-O-O 8. c4
Qh4+ 9. g3 Qe7 10. a4 g6 11. d5 exd5 12. c5 Qxe4+ 13. Be2 Qxh1 14. Kd2 Qxh2 15.
Nc3 Bxc5 16. Nxd5 Be6 17. Nf3 Qh6+ 18. Ke1 Qg7 19. b4 Qxa1 20. Kf1 Bxb4 21. g4
Bxg4 22. a5 Qxa5 23. Bc4 Ne5 24. Be2 Rxd5 25. Bb2 Rxd1+ 26. Bxd1 Qd5 27. Bxe5
Qxd1+ 28. Ne1 Qe2+ 29. Kg1 Qxe5 30. Ng2 Bc5+ 31. Kf1 Qd4 32. Ne1 Qf2# 0-1

[Event "AUTO-OPEN-4625"]
[Site "http://www.queenalice.com/game.php?id=1865911"]
[Date "2025.11.20"]
[Round "1"]
[White "bdpq"]
[Black "cerenzo72"]
[Result "0-1"]
[WhiteElo "1608"]
[BlackElo "2153"]

1. e4 e5 2. d4 exd4 3. Qxd4 Nc6 4. Qd1 Nf6 5. Bd3 d5 6. exd5 Nxd5 7. Nf3 Bg4 8.
Be2 Bc5 9. O-O O-O 10. h3 Bf5 11. Bc4 Ndb4 12. Bb3 a5 13. Nfd2 Nd4 14. Nf3 Ndxc2
15. Bxc2 Nxc2 16. Qxd8 Raxd8 17. Nfd2 Nxa1 18. Nc3 Nc2 19. b3 Bd3 20. Rd1 Rfe8
21. Kh2 Bxf2 22. Nf3 Ne3 23. Bxe3 Bxe3 24. Na4 f5 25. Nh4 Be4 26. Kh1 Rxd1+ 27.
Kh2 Bf4+ 28. g3 Rh1# 0-1

[Event "AUTO-OPEN-4625"]
[Site "http://www.queenalice.com/game.php?id=1865912"]
[Date "2025.11.20"]
[Round "1"]
[White "cerenzo72"]
[Black "bdpq"]
[Result "1-0"]
[WhiteElo "2154"]
[BlackElo "1610"]

1. c4 d5 2. cxd5 Qxd5 3. Nc3 Qd8 4. d4 Nc6 5. d5 Nb4 6. a3 Na6 7. e4 Nf6 8. Bf4
e6 9. Bc4 Bd6 10. Nge2 O-O 11. e5 Bc5 12. exf6 Qxf6 13. O-O e5 14. Bg3 Bf5 15.
b4 Bb6 16. Rc1 e4 17. Na4 Bg4 18. Nxb6 Qxb6 19. Qc2 Qg6 20. Nf4 Qf5 21. h3 Bh5
22. Nxh5 Qxh5 23. Qxe4 Rfe8 24. Qf4 Qg6 25. Bxa6 bxa6 26. Rxc7 Rf8 27. d6 Rfd8
28. Re1 Rac8 29. d7 Ra8 30. Bh4 Rf8 31. Qc4 Kh8 32. Rc8 f6 33. Rxa8 Rxa8 34.
Qc8+ 1-0